| 000 | 00000nam##2200000za#4500 |
| 001 | 9.619186 |
| 003 | CaOODSP |
| 005 | 20210615103320 |
| 007 | ta |
| 008 | 150406|2008||||xxc||||| f|0| 0 eng|d |
| 022 | |a0706-6457 |
| 040 | |aCaOODSP|beng |
| 043 | |an-cn--- |
| 086 | 1 |aFs97-6/2811E |
| 110 | 1 |aCanada. |bDepartment of Fisheries and Oceans. |
| 245 | 10|aAssessment of long-term trends in the littoral fish community of Hamilton Harbour using an Index of Biotic Integrity / |c[By] C.M. Brousseau and R.G. Randall. |
| 260 | |aBurlington - Ontario : |bFisheries and Oceans Canada |c2008. |
| 300 | |axii, 90p. : |bgraphs, map, references, tables ; |c28 cm. |
| 490 | 1 |aCanadian technical report of fisheries and aquatic sciences|x0706-6457|v2811 |
| 500 | |aIncorrect catalogue number (Fs97-6/2702E) and ISSN (0706-6473) printed in this publication. "Great Lakes Laboratory for Fisheries and Aquatic Sciences, Fisheries and Oceans Canada, 867 Lakeshore Road, Burlington, Ontario, L7R 4A6." |
| 546 | |a(Résumé en français.) |
| 563 | |aSpiral binding |
| 590 | |a09-04|b2009-01-23 |
| 720 | 1 |aRandall, R. G. |
| 720 | 1 |aBrousseau, C. M. |
| 776 | 0#|tAssessment of long-term trends in the littoral fish community of Hamilton Harbour using an Index of Biotic Integrity / |w(CaOODSP)9.566965 |
| 830 | #0|aCanadian technical report of fisheries and aquatic sciences,|x0706-6457|v2811|w(CaOODSP)9.514691 |